| 000 | 00611nam a2200181 i 4500 | ||
|---|---|---|---|
| 001 | 44021 | ||
| 003 | ES-MaACL | ||
| 005 | 20230906160932.0 | ||
| 007 | t| | ||
| 008 | 030320s1969 sp ||||1| spa d | ||
| 111 | 2 |
_aCiclo de Conferencias en homenaje a la Marina Española. _966 |
|
| 245 | 1 | 0 |
_aII Semana naval / _cciclo de Conferencias en homenaje a la Marina Española. |
| 260 |
_aSantander : _bDiputación Provincial, _c[1969] |
||
| 300 |
_a285 p. ; _c23 cm. |
||
| 710 | 0 | 0 |
_aSantander (Provincia). _bDiputación Provincial. _96500 |
| 740 | 0 | _aSegunda semana naval. | |
| 852 |
_aES-MaACL _jC-37112 _bR.69996 |
||
| 999 |
_c44021 _d44021 |
||